000 00360nam a22001457a 4500
005 20250916091414.0
008 250916b |||||||| |||| 00| 0 eng d
020 _a9798887150420
050 _aQA 76 .W495 2023
100 _aWHITE KRISTEN
245 _aCOMPUTER FUNDAMENTALS
260 _aNEWYORK
_bORYSON PRESS
_c2023
300 _aX,268
942 _2lcc
_cBK
999 _c216098
_d216098